| 000 | 00637nam a2200229Ia 4500 | ||
|---|---|---|---|
| 003 | OSt | ||
| 005 | 20221006164237.0 | ||
| 006 | a|||||r|||| 00| 0 | ||
| 007 | ta | ||
| 008 | 221006b |||||||| |||| 00| 0 hin d | ||
| 024 | _a3,722 | ||
| 037 | _cTextual | ||
| 040 |
_aFML _cFML _bhin |
||
| 041 |
_2hin _ahin |
||
| 082 | _aO15, DOa Y : 1, 152 M0 | ||
| 100 |
_aUpadhyay Baldev Au. _9676930 |
||
| 245 | 0 | _aVaidik Sahitya aur Sanskriti | |
| 260 |
_aVaranasi _bSharda Sansthan _c1980 |
||
| 300 |
_a578 _ccm. |
||
| 942 |
_hO15, DOa Y : 1, 152 M0 _cTEXL _2CC |
||
| 999 |
_c1116617 _d1116617 |
||